〈物語〉シリーズのタイトル - Statistics

General Stats
  • This quiz has been taken 178 times
  • The average score is 14 of 29
Answer Stats
シーズン # タイトル % Correct
ファースト 1 バケ物語モノガタリ(上)
97%
ファースト 2 バケ物語モノガタリ(下)
97%
ファイナル 15 オワリ物語モノガタリ(上)
74%
ファイナル 16 オワリ物語モノガタリ(中)
74%
ファイナル 17 オワリ物語モノガタリ(下)
74%
ファイナル 18 ゾクオワリ物語モノガタリ
74%
ファースト 4 ニセ物語モノガタリ(上)
71%
ファースト 5 ニセ物語モノガタリ(下)
71%
ファースト 3 キズ物語モノガタリ
68%
ファースト 6 ネコ物語モノガタリ(黒)
67%
セカンド 7 ネコ物語モノガタリ(白)
67%
セカンド 12 コイ物語モノガタリ
53%
セカンド 9 ハナ物語モノガタリ
51%
ファイナル 14 コヨミ物語モノガタリ
50%
セカンド 8 カブキ物語モノガタリ
39%
セカンド 11 オニ物語モノガタリ
39%
オフ 21 ナデ物語モノガタリ
39%
ファイナル 13 ツキ物語モノガタリ
34%
モンスター 23 シノブ物語モノガタリ
32%
モンスター 24 ヨイ物語モノガタリ
29%
セカンド 10 オトリ物語モノガタリ
27%
モンスター 27 シノ物語モノガタリ(上)
23%
モンスター 28 シノ物語モノガタリ(下)
23%
ファミリー 29 イクサ物語モノガタリ
23%
オフ 19 オロカ物語モノガタリ
21%
オフ 20 ワザ物語モノガタリ
18%
モンスター 26 オウギ物語モノガタリ
18%
モンスター 25 アマリ物語モノガタリ
16%
オフ 22 ムスビ物語モノガタリ
14%
No matching quizzes found
Score Distribution
Percent of People with Each Score
Percentile by Number Answered
Your Score History
You have not taken this quiz